| 000 | 01088nam a22002537a 4500 | ||
|---|---|---|---|
| 999 |
_c6429 _d6429 |
||
| 005 | 20200203165712.0 | ||
| 007 | ta | ||
| 008 | 200203s2018 ck |||o|r|||| 00| 0dspa d | ||
| 020 | _a9789584273178 | ||
| 040 |
_aCO-JMCR _cCO-JMCR |
||
| 041 | _aspa | ||
| 082 |
_a303.609861 / _bS669a / |
||
| 100 |
_aSanchez-Moreno, Maria Mcfarland, _eautora _9153 |
||
| 245 |
_aAquí no ha habido muertos : _bUna historia de asesinato y negación en Colombia |
||
| 250 | _aPrimera edición | ||
| 260 |
_aBogotá : _bPlaneta, _c2018 |
||
| 300 |
_a405 páginas : _bfotografías a blanco y negro ; _c23 cm. |
||
| 500 | _aDatos biográficos del autor en solapa frontal. | ||
| 520 | _a"Una historia conmovedora e íntima acerca de tres hombres, quienes trabajando durante años para destapar una terrible verdad: cómo políticos y miembros de la fuerza pública, buscando riqueza o poder, trabajaron con grupos paramilitares de extrema derecha que masacraron a civiles" | ||
| 546 | _aspa | ||
| 650 | 2 | 4 |
_zColombia _9154 |
| 650 | 2 | 4 |
_zColombia _9155 |